000 00732nam a2200217Ia 4500
003 GCL
008 140319s9999 xx 000 0 ara d
040 _aGCL /
_cGCL
082 0 4 _a911
_bى م
100 1 _aيسرى الجوهرى
245 1 0 _aمقالات فى الجغرافيا التاريخية /
_cيسرى الجوهرى
260 _aالقاهرة :
_bمؤسسة شباب الجامعة ،
_c1995
300 _a647 ص ؛
_c22 سم
650 0 4 _aالمعادن
650 0 4 _aالجغرافيا التاريخية
650 0 4 _aالعصر الحجرى
650 0 4 _aانسان ماقبل التاريخ
650 0 4 _aالجغرافيا القديمة
650 0 4 _aالانثرويولوجيا
942 _2ddc
_cBK
999 _c40987
_d40987